000 00486nam a2200205Ia 4500
008 210210b1947 xxu||||| |||| 00| 0 eng d
041 _aeng
082 _a821/632
100 _aSPENSER (E)
245 _aPoetical works: Smith and Selincourt Ed
260 _aLondon
_bOxford University Press
_c1947
650 _aworks:
650 _aSmith
650 _aSelincourt
650 _aPoetical
650 _aEd
650 _aand
690 _aEnglish Literature
906 _a011800
999 _c130507
_d130507